| 000 | 00763cam a2200265 a 4500 | ||
|---|---|---|---|
| 001 | 4801629 | ||
| 003 | OSt | ||
| 005 | 20180424132029.0 | ||
| 008 | 880509s1988 ilua b 001 0 eng c | ||
| 010 | _a 88017122 | ||
| 020 | _a0815116608 | ||
| 040 |
_aDNLM/DLC _cDLC _dDLC |
||
| 050 | 1 | 0 |
_aQM25 _b.C478 1988 |
| 060 | _aQS 17 C559c | ||
| 082 | 0 | 0 |
_aQS 17 A95g 1991 _219 |
| 100 | 1 |
_aChumbley, C. C.; Hutchings, R.T. _91330 |
|
| 245 | 1 | 0 | _aColor Atlas of Human Dissection |
| 260 |
_aChicago : _bYear Book Medical Publishers, _c1988. |
||
| 300 |
_a160 p. : _bcol. ill. ; _c31 cm. |
||
| 504 | _aBibliography,and index. | ||
| 650 | 0 |
_aHuman anatomy _9168 |
|
| 650 | 0 |
_aHuman atlas _91331 |
|
| 906 |
_a7 _bcbc _corignew _d1 _eocip _f19 _gy-gencatlg |
||
| 942 |
_2z _cSLOAN |
||
| 999 |
_c515 _d515 |
||